000 00684nam a2200265Ia 4500
005 20260302114555.0
008 008 260114s9999 xx 000 0 eng d
020 _a9780755693702
037 _aTextbook
040 _aCRL
040 _beng
040 _cCRL
041 _2eng
041 _aeng
084 _qCRL
100 _aJill Bennett
_91117963
245 0 _aPractical Aesthetics Events, Affects and Art After 9/11
260 _bBloomsbury
260 _bI.B. Tauris
260 _c2012
650 _aPhilosophy
856 _uhttps://dx.doi.org/10.5040/9780755693702?locatt=label:secondary_bloomsburyCollections
942 _cEBOOK
999 _c1683049
_d1683049